| 000 | 00713nam a2200229Ia 4500 | ||
|---|---|---|---|
| 005 | 20221125140943.0 | ||
| 008 | 131103s9999 xx 000 0 und d | ||
| 020 |
_a9.79E+12 _cRs.1050.00 |
||
| 040 | _aLoreto College | ||
| 041 | _aEnglish | ||
| 082 |
_a954.01 _bTHA |
||
| 100 | _aThapliyal,Uma Prasad | ||
| 245 |
_aWarfare in ancient India _b Organizational and operational dimensions _cUma Prasad Thapliyal |
||
| 260 |
_aNew Delhi _bManohar _c2010 |
||
| 300 |
_a431p _b ill |
||
| 504 | _aIncludes bibliographical references and index | ||
| 630 | _aAncient India - History, military | ||
| 650 | _aMilitary history - Ancient India | ||
| 651 | _aIndia - History,ancient | ||
| 850 | _aLCLIB | ||
| 942 | _cBK | ||
| 999 |
_c37076 _d87555 |
||